[Event "Top 12 FRA-chT 2017"]
[Site "Chartres"]
[Date "2017.05.22"]
[Round "5"]
[White "Wirig, Anthony"]
[Black "Battaglini, Gabriel"]
[Result "1-0"]
[WhiteElo "2486"]
[BlackElo "2475"]
[Annotator "TA"]
[PlyCount "121"]
[EventDate "2017.??.??"]
[EventType "team-tourn"]
[EventCountry "FRA"]
[SourceTitle "playchess.com"]
[Source "ChessBase"]
[SourceQuality "1"]
[WhiteTeam "Grasse Echecs"]
[BlackTeam "Tremblay-En-France"]

{[%evp 9,121,38,64,47,52,60,58,48,48,40,44,47,47,53,50,43,58,43,47,47,78,54,78,38,47,29,52,25,39,39,40,39,38,32,54,41,59,59,68,73,91,59,122,76,94,90,103,112,114,119,109,70,180,173,243,229,306,280,296,295,606,597,566,414,366,346,487,491,485,484,466,462,414,383,343,279,263,282,276,273,379,389,362,383,370,361,479,468,442,439,458,441,418,418,506,500,620,613,697,654,1662,656,1564,1586,6030,5397,5522,3255,29938,10215,5921,5709,29984,29985]} 1. e4 c6 2. Nc3 d5 3. Nf3 g6 4. d4 dxe4 5. Nxe4 Bf5 {LiveBook: 6 Games} 6. Bd3 {B15: Caro-Kann: 3 Nc3: 3...g6 and 3...dxe4 4 Nxe4 Nf6 5 Nxf6+ exf6} Bg7 7. c3 Nd7 8. O-O {White is slightly better.} (8. Qe2 $5 {[%cal Re4d6]}) 8... Bxe4 9. Bxe4 Ngf6 10. Bc2 O-O 11. Re1 Re8 12. Bf4 $146 ({Predecessor:} 12. Bg5 Qb6 13. Bb3 e6 14. Ne5 Nxe5 15. dxe5 {1-0 (39) Fedorov,A (2490)-Tataev,M (2395) Voskresensk 1993}) 12... a5 13. h3 Qb6 14. Rb1 Rad8 15. Qe2 c5 16. Be5 e6 17. Ba4 Rf8 18. Qb5 (18. dxc5 {seems wilder.} Nxc5 19. Bc2 Nd5 20. Bg3 Qc6 21. Red1) 18... Qxb5 19. Bxb5 {Strongly threatening Bd6.} Nxe5 20. dxe5 Nd5 21. a4 Nb6 22. Rbd1 h5 23. h4 Bh8 24. g3 Bg7 25. Kg2 Bh8 ({Better is} 25... Bh6 $14) 26. Rd2 Nd5 27. Rde2 Ne7 28. Ng5 Bg7 29. f4 Nf5 30. Ne4 Rc8 (30... Rd5 $14) 31. Rd2 Rc7 (31... c4 {was worth a try.} 32. Kf3 Rfd8) 32. Kf3 $18 Rfc8 33. Red1 Bf8 34. Nf6+ Kh8 $2 {[#]} (34... Kg7 35. Ne8+ Rxe8) 35. Ne8 Re7 36. Nd6 Rb8 37. Nc4 Bg7 (37... b6 {was called for.} 38. Rd8 Reb7) 38. Rd8+ Rxd8 39. Rxd8+ Kh7 40. Nxa5 f6 41. exf6 Bxf6 42. Rd7 Rxd7 43. Bxd7 {[%mdl 4096] Endgame KBN-KBN} Nd6 44. Bxe6 Kg7 45. Bd5 b5 46. axb5 Nxb5 47. Nc4 Nc7 48. Bc6 Be7 49. Ne5 Ne6 50. Be4 Nf8 51. Bd3 Kf6 52. Ke4 Ke6 53. Bc4+ Kf6 54. Kd5 Kf5 55. Bd3+ Kf6 56. Nc6 Nd7 57. Nxe7 Kxe7 58. Bxg6 Nb6+ 59. Kxc5 Na4+ 60. Kb4 Nxb2 61. Bc2 {Precision: White = 83%, Black = 37%.} 1-0

[Event "Top 12 FRA-chT 2017"]
[Site "Chartres"]
[Date "2017.05.22"]
[Round "5"]
[White "Sulava, Nenad"]
[Black "Touzane, Olivier"]
[Result "1-0"]
[WhiteElo "2468"]
[BlackElo "2277"]
[Annotator "TA"]
[PlyCount "109"]
[EventDate "2017.??.??"]
[EventType "team-tourn"]
[EventCountry "FRA"]
[SourceTitle "playchess.com"]
[Source "ChessBase"]
[SourceQuality "1"]
[WhiteTeam "Nice Alekhine"]
[BlackTeam "Montpellier"]

{[%evp 14,109,37,23,148,135,164,127,124,122,145,146,204,166,143,149,119,114,195,172,179,174,176,182,181,115,220,210,226,73,246,244,245,152,137,145,144,96,115,110,109,110,116,110,172,172,172,172,172,144,206,103,101,87,87,81,88,87,166,193,180,170,181,192,648,624,1137,1110,1821,860,5397,5397,5707,4727,29969,29971,6891,5197,5642,5376,5062,4906,2677,870,29971,29972,29972,29972,5716,1074,4918,29964,29965,29960,29980,29981,5014,1553]} 1. Nf3 g6 2. e4 Bg7 3. d4 d6 4. Be3 Nf6 5. Nc3 c6 6. Qd2 b5 7. Bd3 O-O {B08: Pirc Defence: Classical System} (7... Nbd7 8. e5 dxe5 9. dxe5 Ng4 10. e6 fxe6 11. Be4 b4 12. Na4 Nxe3 13. Qxe3 Qc7 14. O-O O-O 15. Rfe1 Nf6 {0-1 (32) Kovalev,V (2560)-Nepomniachtchi,I (2704) Moscow 2016}) 8. a4 {LiveBook: 3 Games} Qa5 $146 (8... b4 $11 {keeps the balance.} 9. Ne2 a5) ({Predecessor:} 8... b4 9. Ne2 d5 10. Ng3 dxe4 11. Nxe4 Nxe4 12. Bxe4 Qa5 13. O-O Rd8 14. Rfe1 Be6 15. Bg5 {1-0 (46) Molner,M (2449)-Aleskerov,F (2362) Freemont 2012}) 9. b4 $1 $16 {[%cal Rb4a5]} Qb6 {White is clearly better.} 10. O-O {[%cal Ra4b5]} bxa4 11. Nxa4 Qb7 12. h3 c5 (12... Nbd7 $16 {might work better.} 13. c4 Qc7) 13. e5 cxd4 14. Bxd4 dxe5 15. Nc5 Qd5 (15... Qb6 $16 16. Nxe5 Nc6) 16. c4 Qd8 17. Bxe5 Nbd7 {[#]} 18. Nxd7 $1 Qxd7 19. Be2 ({Better is} 19. Qe2 $18) 19... Qf5 (19... Qxd2 $16 20. Nxd2 Bb7) 20. Ra5 $18 Bb7 21. Qf4 $2 (21. Nd4 $18 {and White stays clearly on top.} Qd7 22. Rd1) 21... Qc2 $2 {[#]} (21... Qxf4 $16 22. Bxf4 e6) 22. Nd4 Qe4 23. Qxe4 Nxe4 24. Bxg7 Kxg7 25. Bf3 {Re1 is the strong threat.} Rfd8 26. Nb3 Nd6 27. c5 Bxf3 28. cxd6 ({Of course not} 28. gxf3 $6 Nc4 $15) 28... Be2 (28... Bc6 $16) 29. Re1 ({But not} 29. dxe7 $6 Re8 $14) 29... Bc4 30. dxe7 Re8 31. Nd4 Kf6 (31... Rab8 $16 {is a better defense.} 32. Rxa7 Rxb4) 32. Nc6 (32. b5 $18) 32... a6 $16 33. Rc5 Bb5 34. g4 $36 {[%mdl 2048] White is on the roll.} h6 35. h4 {[%cal Bh3h4,Bh4g5][%mdl 32]} Rac8 (35... Bxc6 $16 36. Rxc6+ Kg7) 36. g5+ hxg5 37. hxg5+ Kg7 38. Nd8 Rxc5 $2 (38... Rb8 39. Rc7 Rb6) 39. bxc5 $18 {[%mdl 4096] Endgame KRB-KRN} f6 40. f4 {[%cal Bf2f4,Bf4g5][%mdl 32]} Bd7 41. Nb7 (41. c6 $142 Bxc6 42. Nxc6) 41... fxg5 42. Nd6 Rh8 43. e8=Q Bxe8 44. Nxe8+ {KRN-KR} Kf8 45. fxg5 Rh3 46. Re5 a5 47. Nd6 a4 48. Kg2 Rb3 49. Re8+ Kg7 50. Re7+ Kf8 51. Rf7+ Kg8 52. Ra7 Rc3 53. Ne4 Rc4 54. Kf3 Kf8 55. Ke3 {Precision: White = 57%, Black = 39%.} 1-0

[Event "Top 12 FRA-chT 2017"]
[Site "Chartres"]
[Date "2017.05.22"]
[Round "5"]
[White "Relange, Eloi"]
[Black "Le Borgne, Pierre"]
[Result "1/2-1/2"]
[WhiteElo "2464"]
[BlackElo "2234"]
[Annotator "TA"]
[PlyCount "60"]
[EventDate "2017.??.??"]
[EventType "team-tourn"]
[EventCountry "FRA"]
[SourceTitle "playchess.com"]
[Source "ChessBase"]
[SourceQuality "1"]
[WhiteTeam "Saint Quentin"]
[BlackTeam "Lisieux"]

{[%evp 15,60,17,38,8,102,103,107,71,174,141,181,171,254,245,300,297,300,271,281,263,284,275,281,114,121,96,148,121,121,129,122,114,58,7,0,0,11,0,0,0,0,-58,-51,-56,-43,-70,0]} 1. d4 g6 2. c4 Bg7 3. Nf3 d6 4. g3 f5 5. Bg2 Nf6 6. O-O O-O 7. Nc3 c6 8. d5 e5 9. dxe6 {A88: Dutch Defence: Leningrad System: 5 Nf3 0-0 6 0-0 d6 7 Nc3 c6} (9. e4 $5) (9. e4 cxd5 10. cxd5 Na6 11. exf5 gxf5 12. Nh4 f4 13. a3 Bg4 14. Qc2 Rc8 15. Bd2 b5 16. b4 Rc4 17. h3 {0-1 (57) Kovalenko,I (2694)-Anton Guijarro,D (2630) Reykjavik 2015}) 9... Qe7 (9... Bxe6 $11 {keeps the balance.} 10. b3 Re8) 10. Bf4 Rd8 11. Ng5 {Black must now prevent Nf7.White is better.} Bxe6 (11... Nh5 $16) 12. Qb3 $18 Rd7 13. Rad1 Ne8 {[#]} (13... Na6 {was necessary.} 14. Bxd6 Qe8) 14. Nd5 $1 {[%mdl 512]} Bxd5 (14... cxd5 15. Nxe6) 15. cxd5 c5 16. Ne6 $146 ({Predecessor:} 16. e4 Na6 {1-0 (33) Meyer,E-Diesen,B Chicago 1973}) 16... Na6 17. e4 fxe4 18. Rfe1 ({Much less strong is} 18. Bxe4 $6 Qf6 $18) 18... Nf6 19. Nxg7 (19. Bxe4 $18 {has better winning chances. And now Bg2 would win.} Nxe4 20. Rxe4) 19... Qxg7 $16 20. Bxe4 g5 (20... b6 $142) 21. Bd2 Nxe4 22. Rxe4 Rf8 23. Qe3 Nc7 24. Bc3 (24. Qxg5 $14 Qxg5 25. Bxg5) 24... Qg6 $1 $11 25. h4 Rdf7 {[#] Strongly threatening ...gxh4.} 26. Rd2 (26. Rg4 $5 {[%cal Rg4g5]} h6 27. f4 $14) 26... gxh4 27. Rxh4 h5 28. Qe4 (28. Qe1 $11) 28... Qxe4 $15 {Black is slightly better.} 29. Rxe4 Rf5 30. b3 Nxd5 {Precision: White = 40%, Black = 51%.} (30... Re8 $15 31. Rxe8+ Nxe8) 1/2-1/2

[Event "Top 12 FRA-chT 2017"]
[Site "Chartres"]
[Date "2017.05.22"]
[Round "5"]
[White "Barbot, Pierre"]
[Black "Vitoux, Colomban"]
[Result "1/2-1/2"]
[WhiteElo "2456"]
[BlackElo "2382"]
[Annotator "TA"]
[PlyCount "166"]
[EventDate "2017.??.??"]
[EventType "team-tourn"]
[EventCountry "FRA"]
[SourceTitle "playchess.com"]
[Source "ChessBase"]
[SourceQuality "1"]
[WhiteTeam "Clichy"]
[BlackTeam "Strasbourg"]

{[%evp 10,166,31,26,28,28,36,24,31,33,30,34,32,21,32,13,25,33,36,34,39,29,35,0,3,0,0,0,12,12,12,12,12,21,13,22,17,5,5,2,3,9,10,6,14,13,31,10,12,8,13,4,21,4,5,0,0,0,0,0,0,0,0,0,0,0,0,0,0,0,0,0,15,8,75,9,9,0,0,0,9,8,8,8,8,8,8,8,8,8,8,8,8,8,8,8,8,8,8,8,8,8,8,8,8,8,8,8,8,8,8,8,8,8,8,8,8,8,8,8,8,8,8,8,8,8,8,8,8,8,8,8,8,8,59,8,8,8,8,8,8,8,8,0,8,0,8,8,8,0,8,8,8,0,61,61,62,70,29989]} 1. d4 d5 2. c4 c6 3. Nc3 Nf6 4. e3 Bf5 5. cxd5 cxd5 6. Qb3 Nc6 {D10: Slav Defence: 3 cxd5 (without early Nf3) and 3 Nc3} 7. Qxb7 Bd7 $1 8. Qb3 Rb8 {White has an edge.} 9. Qd1 e5 10. Nf3 (10. dxe5 Nxe5 11. Nge2 Bc5 12. Nd4 O-O 13. Be2 Qe7 14. O-O {1-0 (48) Melkumyan,H (2640)-Solak,D (2633) Izmir 2016}) 10... Bd6 11. dxe5 Nxe5 12. Be2 Nxf3+ $146 ({Predecessor:} 12... O-O 13. O-O Nxf3+ 14. Bxf3 {1-0 (39) Barbot,P (2455)-Beradze,I (2380) Khanty-Mansiysk 2015}) 13. Bxf3 Qc7 14. h3 O-O 15. O-O Rfd8 16. Ne2 Bh2+ 17. Kh1 Be5 $1 18. Nd4 Qc8 19. b3 Bxh3 20. Ba3 Qd7 21. Rc1 Rbc8 22. Kg1 Bg4 23. Rxc8 Rxc8 24. Bxg4 Nxg4 25. Nf3 Bf6 26. Qb1 Qe6 27. Bb2 h5 28. Bxf6 Nxf6 29. Rc1 (29. Nd4 $5 {[%cal Rd4e6]} Qd7 30. Rc1 $11) 29... Ne4 30. Nd4 Qd7 31. Rxc8+ (31. b4 {with more complications.} a6 32. Rxc8+ Qxc8 33. a4 Qc3 34. b5) 31... Qxc8 32. Qc2 Qxc2 33. Nxc2 $11 {[%mdl 4096] Endgame KN-KN} Kf8 34. f3 Nc3 35. a3 Ke7 36. Kf1 Kd6 37. Ke1 Nb5 38. Ke2 g5 39. Kd3 h4 40. b4 Nc7 41. Nd4 a6 {[#]} (41... Kd7 $11) 42. a4 (42. f4 $1 $16) 42... Ke5 43. Ne2 Kd6 44. Nd4 Ke5 45. f4+ gxf4 46. Nf3+ Kf5 47. Nxh4+ Kg4 48. Nf3 fxe3 49. Kxe3 Kg3 50. Ne1 Ne6 51. b5 axb5 $1 52. axb5 {[#] Black must now prevent b6.} f5 $1 {[%cal Bf7f5,Bf5f4][%mdl 32]} 53. b6 f4+ 54. Kd2 Nc5 55. Nd3 Nb7 56. Kc3 Kxg2 57. Nxf4+ Kf3 58. Nxd5 Ke4 59. Kc4 Ke5 60. Ne3 {And now Kb5 would win.} Kd6 61. Kb5 Nd8 62. Ka6 Ne6 63. Ka7 Nd8 64. Nc4+ Kc6 65. Ka6 Kd7 66. Ne5+ Ke6 67. Nd3 Kd6 68. Nf4 (68. Nb4 $6 Ne6 $16) 68... Ke5 69. Ne2 {Nc1 is the strong threat.} Kd5 70. Nc3+ Kc6 71. Ne4 {With the idea Nd2.} Kd5 (71... Kd7 $11) 72. Nd2 (72. Ng5 $1 $14) 72... Kc6 73. Nb3 Kd5 74. Na5 Ne6 75. Ka7 Nd8 $1 76. Ka6 Ne6 77. Nb3 {Threatens to win with b7.} (77. Ka7 $6 Nd8 $16) 77... Nd8 78. Nc1 {aiming for Ne2.} (78. Na5 $6 Ke6 $16) 78... Kc6 79. Nd3 {White wants to play Ne5+.} Kd6 80. Kb5 {Strongly threatening Nb4.} (80. Nb4 $6 Kd7 $16) 80... Kd7 81. Ka6 {Hoping for Ne5+.} Kc6 (81... Kd6 $11) 82. Ne5+ $1 $14 ({Resist} 82. Ka7 $6 Kd6 $16) 82... Kd5 $1 83. Nf7 Kc6 $2 {[%mdl 40960] Precision: White = 62%, Black = 80%. . An unexpected result.} (83... Ne6 $14 84. Kb7 (84. Ka7 Nc5 $18) 84... Nc5+ 85. Ka7 Kd4) 1/2-1/2

[Event "Top 12 FRA-chT 2017"]
[Site "Chartres"]
[Date "2017.05.22"]
[Round "5"]
[White "Flear, Glenn C"]
[Black "Li, Chao b"]
[Result "0-1"]
[WhiteElo "2439"]
[BlackElo "2722"]
[Annotator "TA"]
[PlyCount "122"]
[EventDate "2017.??.??"]
[EventType "team-tourn"]
[EventCountry "FRA"]
[SourceTitle "playchess.com"]
[Source "ChessBase"]
[SourceQuality "1"]
[WhiteTeam "Montpellier"]
[BlackTeam "Nice Alekhine"]

{[%evp 11,122,23,85,31,36,24,18,21,56,34,76,35,32,10,12,10,41,25,35,34,30,18,24,39,41,30,31,7,13,14,14,0,0,-26,-26,-26,-26,-26,-21,-26,-22,-22,-25,-22,-31,-49,-49,-49,-48,-48,-48,-48,-48,-55,-56,-56,-35,-41,-34,-35,-45,-40,-3,-3,-3,-3,-9,-3,0,0,0,0,0,-23,0,0,0,0,0,0,0,0,0,0,0,0,0,0,0,0,0,0,0,0,0,0,0,0,0,0,0,0,0,-12835,-12835,-12840,-12840,-12841,-12841,-12843,-12843,-12844,-12844]} 1. d4 Nf6 2. c4 g6 3. Nc3 d5 4. Nf3 Bg7 5. Qb3 dxc4 6. Qxc4 Be6 (6... Nc6 $11 {remains equal.}) 7. Qd3 {D96: Grünfeld: Russian System (5 Qb3): sidelines} (7. Qb5+ $16 Bd7 8. Qxb7) (7. Qb5+ Nc6 8. Qxb7 Bd7 9. Qb3 Rb8 10. Qd1 Bf5 11. a3 O-O 12. e3 e5 13. Be2 exd4 14. exd4 Ne4 {½-½ (37) Lenic,L (2641)-Gupta,A (2645) chess.com INT 2017}) 7... O-O 8. e4 c5 9. d5 {The position is equal.} Bc8 10. Be3 b6 11. Qd2 e6 $146 ({Predecessor:} 11... Ng4 12. Bg5 f6 13. Bh4 e5 14. Be2 a6 15. a4 {1-0 (63) Andersen,M (2462)-Van Weersel,A (2211) Reykjavik 2013}) 12. Be2 exd5 13. exd5 Bb7 {[%cal Rf6d5]} 14. Rd1 Re8 15. O-O Nbd7 {[%cal Bb8d7,Bd7f6,Bf6d5,Bd5e3][%mdl 32]} 16. Rfe1 a6 17. a4 Ne4 18. Nxe4 Rxe4 19. Qc2 Nf6 20. d6 Re6 21. a5 Nd5 22. axb6 (22. Bc4 {feels hotter.} Nxe3 23. fxe3 Rxd6 24. Rxd6 Qxd6 25. Ng5) 22... Nxe3 23. fxe3 Rxd6 24. Qxc5 Bf8 25. Rxd6 Bxd6 26. Qd4 Qe7 {Threatening ...Rd8.} 27. Bc4 Rd8 28. Qh4 Qxh4 29. Nxh4 Bc5 30. Nf3 Bxb6 31. Kf2 Kg7 32. Re2 f5 33. g3 Re8 34. Nd4 Kf6 35. Rc2 Rc8 36. Rc3 a5 (36... Ba7 {keeps more tension.} 37. Nb3 Rc7 38. Nd4 Bc8 39. h4 h6) 37. Rb3 Bxd4 38. exd4 Rxc4 39. Rxb7 Rxd4 (39... Rb4 $5 {[%cal Rb4b7]} 40. Rxh7 Rxd4 $11) 40. Rxh7 $11 {[%mdl 4096] Endgame KR-KR} Rd2+ 41. Kf3 Rxb2 42. Ra7 Rb3+ (42... Rxh2 $5 {[%cal Rh2a2]} 43. Rxa5 Rc2 $15) 43. Kg2 Ra3 44. h4 a4 45. Ra6+ Kg7 46. Ra8 Ra1 (46... f4 $5 47. gxf4 Ra1 $11) 47. Kh2 Ra2+ 48. Kh3 Kh7 {And now ...Ra1 would win.} (48... a3 $5 {[%cal Ra2a1]} 49. Ra7+ Kh6 $19) 49. Ra7+ Kh6 {White must now prevent ...Ra1.} 50. Ra8 g5 51. hxg5+ Kxg5 52. Ra6 a3 {...Ra1 is the strong threat.} 53. Ra8 Kf6 {Hoping for ...Ra1.} 54. Ra6+ Ke5 {Strongly threatening ...Ra1.} 55. Ra5+ Ke4 56. Ra4+ Kd3 {Threatens to win with ...Ra1.} 57. Rf4 $2 {[%mdl 8192]} (57. Kh4 $11) 57... Ra1 $19 {Black is clearly winning.} 58. Kg2 Re1 $1 59. Ra4 {[#]} Re2+ $1 60. Kf1 Ra2 61. Rf4 {[#]} Ke3 $1 {Precision: White = 67%, Black = 66%.} 0-1

[Event "Top 12 FRA-chT 2017"]
[Site "Chartres"]
[Date "2017.05.22"]
[Round "5"]
[White "Godart, Francois"]
[Black "Rodon, Gurvan"]
[Result "1-0"]
[WhiteElo "2404"]
[BlackElo "2047"]
[Annotator "TA"]
[PlyCount "69"]
[EventDate "2017.??.??"]
[EventType "team-tourn"]
[EventCountry "FRA"]
[SourceTitle "playchess.com"]
[Source "ChessBase"]
[SourceQuality "1"]
[WhiteTeam "Saint Quentin"]
[BlackTeam "Lisieux"]

{[%evp 17,69,0,9,-22,-27,-31,-7,-3,-8,-11,-10,-20,150,160,148,145,158,164,150,143,140,135,130,131,166,169,216,196,273,281,266,227,285,276,324,308,311,290,287,280,625,615,592,585,587,547,587,581,565,539,29987,29988,29988,660]} 1. d4 Nf6 2. Nf3 e6 3. Nbd2 c5 4. e3 b6 5. Bd3 d5 {[%cal Bd7d5,Bd5e4][%mdl 32]} 6. b3 Be7 7. Bb2 O-O 8. O-O Bb7 9. Ne5 Ne4 10. Bxe4 {D05: Colle System with ...e6} dxe4 11. dxc5 Bxc5 $146 (11... f6 $5 {[%cal Rf6e5]} 12. Nec4 Bxc5 $11) ({Predecessor:} 11... f6 12. Nec4 Bxc5 13. Qg4 Qe7 14. Qh4 f5 15. Qxe7 Bxe7 16. Ne5 Nc6 17. Ndc4 Rfc8 {0-1 (31) Davidovich,M (2101)-Finegold,B (2539) Flint 2003}) 12. Qg4 {The position is equal.} f5 ({Don't blunder} 12... Qxd2 $2 13. Nc4 $18) 13. Qg3 Qe7 14. Rfd1 Nc6 $2 {[#]} ({Black should try} 14... Rd8 $11) 15. Nxe4 $1 $16 {[%mdl 512]} Nxe5 (15... fxe4 16. Rd7) 16. Nxc5 Qxc5 17. Bxe5 {[%csl Ge5][%cal Rg3g7]} Rf7 18. Rd2 b5 19. Rad1 $36 {[%mdl 2048] Strongly threatening Rd8+. White has strong initiative.} Bd5 20. c3 a5 21. Rd4 Re8 22. h4 {[%cal Bh2h4,Bh4h5][%mdl 32]} Qa7 (22... Qc8 {keeps fighting.} 23. c4 bxc4) 23. h5 $18 h6 24. Qg6 Qe7 25. c4 bxc4 26. bxc4 {[%cal Bb3c4,Bc4c5,Bc5c6,Bc6c7][%mdl 32]} Bc6 27. Rd6 Ba4 28. R1d4 {Hoping for c5.} Qg5 $2 (28... Qc7 29. Rxe6 Rxe6 30. Qxe6 Qe7) 29. c5 Bb5 30. Rb6 Be2 31. c6 {c7 is the strong threat.} Bxh5 32. Qxg5 hxg5 33. c7 Rc8 34. Rd8+ Rf8 35. Rb8 {Precision: White = 81%, Black = 47%.} (35. Rxf8+ $142 Kxf8 36. Rb8 Re8 37. Rxe8+ Bxe8 38. c8=Q f4 39. Qc7 Bf7 40. Qc5+ Kg8 41. Qc8+ Be8 42. Qxe8+ Kh7 43. Qf8 Kg6 44. Qxg7+ Kh5 45. Qh7+ Kg4 46. Qh3#) 1-0

[Event "Top 12 FRA-chT 2017"]
[Site "Chartres"]
[Date "2017.05.22"]
[Round "5"]
[White "Colin, Vincent"]
[Black "David, Alberto"]
[Result "0-1"]
[WhiteElo "2381"]
[BlackElo "2548"]
[Annotator "TA"]
[PlyCount "114"]
[EventDate "2017.??.??"]
[EventType "team-tourn"]
[EventCountry "FRA"]
[SourceTitle "playchess.com"]
[Source "ChessBase"]
[SourceQuality "1"]
[WhiteTeam "Lisieux"]
[BlackTeam "Saint Quentin"]

{[%evp 9,114,-18,-15,-29,-33,-39,-10,-44,-29,-31,-41,-41,-43,-60,-38,-45,-42,-41,-38,-65,-50,-73,-34,-34,-34,-34,-33,-52,-39,-29,-31,-25,-32,-37,-36,-42,-28,-52,-21,-55,-33,-57,-43,-94,-110,-105,-123,-175,-156,-225,-222,-201,-202,-244,-250,-275,-270,-557,-562,-516,-399,-415,-351,-392,-366,-390,-336,-396,-410,-408,-372,-391,-386,-329,-240,-363,-363,-356,-350,-318,-307,-482,-465,-504,-389,-389,-389,-389,-375,-399,-381,-358,-362,-273,-349,-704,-703,-680,-635,-694,-680,-29978,-29979,-29980,-29981,-29981,-29981]} 1. d4 Nf6 2. Bf4 b6 (2... g6 3. Nc3 d5 4. e3 Bg7 5. h4 h5 6. Be2 O-O 7. Nf3 c5 8. dxc5 Qa5 9. O-O Qxc5 10. Nb5 a6 11. Nc7 {½-½ (42) Naiditsch,A (2702)-Carlsen,M (2838) Karlsruhe 2017}) 3. Be5 $146 ({Predecessor:} 3. e3 Bb7 4. Nf3 d6 5. h3 g6 6. Be2 Bg7 7. O-O O-O 8. a4 a5 9. Bh2 Nfd7 10. Na3 e5 11. c3 Qe7 12. Re1 Rd8 13. Qb3 Nf8 14. Nb5 Kh8 15. Rad1 Na6 16. Nd2 {1-0 (74) Piorun,K (2648)-Tomczak,J (2601) Warsaw 2017}) 3... e6 4. e3 Bb7 5. Nd2 d6 6. Bxf6 {A45: Trompowsky Attack} Qxf6 7. Ngf3 Nd7 8. Bb5 {The position is equal.} Qe7 (8... g5 $5 {[%cal Rg5g4]} 9. O-O a6 $15) 9. Qe2 a6 10. Bxd7+ Qxd7 11. e4 Be7 12. c4 O-O 13. O-O c5 14. d5 f5 15. Rfe1 Rae8 16. dxe6 Qxe6 {[#] White must now prevent ...Bf6.} 17. exf5 Qxf5 18. Qe6+ Qxe6 19. Rxe6 Bc8 20. Re3 Bf6 21. Rae1 Rxe3 22. Rxe3 Bf5 23. h3 h5 ({Much worse is} 23... Bxb2 24. Rb3 $11) 24. h4 Rd8 25. Ra3 Ra8 26. Rb3 (26. Nf1 $15) 26... Rb8 $17 27. Ra3 a5 28. Re3 (28. Rb3 $17 {is a better defense.}) 28... Bxb2 $19 29. Re7 (29. Ne4 $17) 29... Bf6 30. Ra7 Kf8 31. g3 Re8 32. Rb7 Bd8 33. Ng5 $2 (33. Rb8 {was necessary.}) 33... Bxg5 34. hxg5 {[%mdl 4096] Endgame KRB-KRN} Re1+ 35. Kg2 Re2 36. g4 hxg4 ({Stronger than} 36... Rxd2 37. gxf5 Rxa2 38. Rb8+ Kf7 39. Rb7+ Kg8 40. g6 $11) 37. Rb8+ Kf7 38. Nf1 Be4+ 39. Kg3 Rxa2 40. Rxb6 Ke6 41. Ne3 Bf3 42. Ra6 (42. Rb8 {only move.}) 42... g6 43. Ra7 a4 {[%cal Ba5a4,Ba4a3,Ba3a2][%mdl 32]} 44. Rg7 Be4 45. Nxg4 (45. f3 $142 gxf3 46. Kf4) 45... a3 46. Ra7 Ra1 47. Kf4 Bd3 48. Ne3 a2 49. f3 {[#]} Bxc4 $1 {[%mdl 512]} 50. Nxc4 {Hoping for Ne3.} Rc1 51. Rxa2 Rxc4+ {KR-KR} 52. Kg3 $2 (52. Ke3) 52... Kf5 53. Ra6 Rd4 54. f4 Rd3+ 55. Kh4 Kxf4 {Black mates.} 56. Ra8 c4 57. Rc8 Rd4 {Precision: White = 38%, Black = 83%.} 0-1

[Event "Top 12 FRA-chT 2017"]
[Site "Chartres"]
[Date "2017.05.22"]
[Round "5"]
[White "Sharif, Mehrshad"]
[Black "Hamdouchi, Hicham"]
[Result "1/2-1/2"]
[WhiteElo "2363"]
[BlackElo "2586"]
[Annotator "TA"]
[PlyCount "101"]
[EventDate "2017.??.??"]
[EventType "team-tourn"]
[EventCountry "FRA"]
[SourceTitle "playchess.com"]
[Source "ChessBase"]
[SourceQuality "1"]
[WhiteTeam "Strasbourg"]
[BlackTeam "Clichy"]

{[%evp 19,101,47,95,88,95,95,113,26,27,26,27,21,41,27,56,26,68,63,85,73,61,68,56,57,75,60,87,75,108,66,54,55,45,0,0,0,44,0,0,0,35,14,79,12,40,0,74,7,45,0,0,0,0,0,0,0,0,0,0,0,0,0,-5,-8,-8,-15,0,0,0,0,0,0,0,0,0,0,0,0,0,0,0,0,0,0]} 1. Nf3 Nf6 2. g3 c5 3. Bg2 Nc6 4. d4 cxd4 5. Nxd4 d5 6. O-O Qb6 7. Nxc6 bxc6 8. c4 e6 9. Nc3 Be7 10. cxd5 cxd5 {[#]} 11. e4 $1 {[%cal Re4d5] E01: Catalan: Early deviations} O-O 12. exd5 Rd8 13. Qc2 (13. Be3 $16 Qb8 14. d6 Bxd6 15. Bxa8 Qxa8 16. Qe2) (13. d6 Rxd6 14. Qb3 Qxb3 15. axb3 Nd5 16. Nxd5 exd5 17. Be3 Be6 18. Bxa7 Rd7 {0-1 (105) Jesse,I (2270)-Meijers,V (2492) Moehnesee 2011}) 13... Nxd5 $11 14. Nxd5 exd5 15. Be3 Qa5 $146 ({Predecessor:} 15... Qb7 16. Rac1 Be6 17. Bd4 Rac8 18. Qe2 a6 {1-0 (34) Vaskin,V-Tikhonov,V Russia 1997}) 16. Bd4 Bg4 17. Qd3 {next Bxg7! is good for White.} Bf8 18. a3 $36 {[%mdl 2048] White is pushing.} Bh5 19. Rac1 Bg6 20. Qd1 Qb5 21. Re1 a5 22. Qg4 Qa4 23. h4 Be4 24. Qd1 (24. Bxe4 {with more complications.} dxe4 25. Be5 Rd3 26. Rxe4 Qb5 27. Qf4) 24... Qxd1 25. Rexd1 a4 26. Bb6 Rdb8 27. Bd4 Rd8 28. Bb6 {And now Bxe4 would win.} Rdb8 29. Bd4 Rc8 30. Bh3 Rc4 (30... Rxc1 $11 31. Rxc1 g6) 31. Bf1 (31. Rxc4 $16 dxc4 32. Bc3) 31... Rcc8 32. Bh3 f5 {[#]} (32... Rc4 $11 {keeps the balance.}) 33. Bf1 (33. f3 $1 $16 Bxf3 34. Bxf5) 33... g6 34. Bb5 Rxc1 {The position is equal.} 35. Rxc1 {aiming for Rc7.} Bg7 36. Bc6 Rb8 37. Rd1 Bxd4 38. Rxd4 Rxb2 {( -> ...Rb1+)} 39. Bxd5+ Bxd5 40. Rxd5 {[%mdl 4096] Endgame KR-KR} Rb3 41. Rd7 Rxa3 {Threatening ...Rb3.} 42. Ra7 f4 43. gxf4 Rh3 44. Kg2 Rxh4 45. Kg3 Rh5 46. Rxa4 Rf5 47. Ra7 Rf7 48. Ra5 Kg7 49. Kg4 Kf6 50. Ra6+ Kg7 51. Ra5 {Precision: White = 42%, Black = 47%.} 1/2-1/2